<?xml version="1.0" encoding="UTF-8"?><marc:collection xmlns:marc="http://www.loc.gov/MARC21/slim">
  <marc:record>
    <marc:leader>00000nam  2200000za 4500</marc:leader>
    <marc:controlfield tag="001">9.680591</marc:controlfield>
    <marc:controlfield tag="003">CaOODSP</marc:controlfield>
    <marc:controlfield tag="005">20250611103641</marc:controlfield>
    <marc:controlfield tag="007">ta</marc:controlfield>
    <marc:controlfield tag="008">150407s1998    onc|||||     f|0| 0 fre d</marc:controlfield>
    <marc:datafield tag="020" ind1=" " ind2=" ">
      <marc:subfield code="a">0-660-96059-1</marc:subfield>
    </marc:datafield>
    <marc:datafield tag="040" ind1=" " ind2=" ">
      <marc:subfield code="a">CaOODSP</marc:subfield>
      <marc:subfield code="b">fre</marc:subfield>
    </marc:datafield>
    <marc:datafield tag="043" ind1=" " ind2=" ">
      <marc:subfield code="a">n-cn---</marc:subfield>
    </marc:datafield>
    <marc:datafield tag="086" ind1="1" ind2=" ">
      <marc:subfield code="a">A53-1646/1998F</marc:subfield>
      <marc:subfield code="z">A53-1646/2002F</marc:subfield>
    </marc:datafield>
    <marc:datafield tag="245" ind1="0" ind2="3">
      <marc:subfield code="a">Le système canadien de classification des sols / </marc:subfield>
      <marc:subfield code="c">par le Groupe de travail sur la classification des sols; Publié conjointement par la Direction générale de la recherche, Agriculture et Agroalimentaire Canada et les Presses scientifiques du CNRC. </marc:subfield>
    </marc:datafield>
    <marc:datafield tag="250" ind1=" " ind2=" ">
      <marc:subfield code="a">Troisième édition.</marc:subfield>
    </marc:datafield>
    <marc:datafield tag="260" ind1=" " ind2=" ">
      <marc:subfield code="a">Ottawa : </marc:subfield>
      <marc:subfield code="b">Agriculture et Agroalimentaire Canada, </marc:subfield>
      <marc:subfield code="c">c2002.</marc:subfield>
    </marc:datafield>
    <marc:datafield tag="300" ind1=" " ind2=" ">
      <marc:subfield code="a">xiii, 196 p. : </marc:subfield>
      <marc:subfield code="b">figures (certaines en couleur), références, index ; </marc:subfield>
      <marc:subfield code="c">28 cm.</marc:subfield>
    </marc:datafield>
    <marc:datafield tag="520" ind1="3" ind2=" ">
      <marc:subfield code="a">Ce livre présente l’état actuel de la taxonomie des sols au Canada. Au nombre des révisions importantes apportées par rapport à l’édition antérieure, mentionnons l’ajout d’un dixième ordre (l’ordre vertisolique) et de sous-groupes, et la révision des descriptions des sous-groupes. Le livre fait l’historique de la classification des sols au Canada, donne des définitions de base et offre une classification complète des principaux sols (un chapitre est consacré à chaque ordre). Les critères, les phases du sol, la corrélation du système canadien avec d’autres systèmes, la terminologie et les formes de terrain sont également abordés.</marc:subfield>
    </marc:datafield>
    <marc:datafield tag="563" ind1=" " ind2=" ">
      <marc:subfield code="a">Couverture souple</marc:subfield>
    </marc:datafield>
    <marc:datafield tag="590" ind1=" " ind2=" ">
      <marc:subfield code="a">03-20</marc:subfield>
      <marc:subfield code="b">2003-05-16</marc:subfield>
    </marc:datafield>
    <marc:datafield tag="710" ind1="1" ind2=" ">
      <marc:subfield code="a">Canada. </marc:subfield>
      <marc:subfield code="b">Agriculture et agroalimentaire Canada.</marc:subfield>
    </marc:datafield>
    <marc:datafield tag="775" ind1="0" ind2="8">
      <marc:subfield code="t">The Canadian system of soil classification / </marc:subfield>
      <marc:subfield code="w">(CaOODSP)9.646820</marc:subfield>
    </marc:datafield>
    <marc:datafield tag="776" ind1="0" ind2="#">
      <marc:subfield code="t">Le système canadien de classification des sols </marc:subfield>
      <marc:subfield code="w">(CaOODSP)9.824892</marc:subfield>
    </marc:datafield>
  </marc:record>
</marc:collection>
